Intimidación: Una guía práctica para combatir el miedo en las escuelas. Incluye Bullying: una mirada hispana en el contexto europeo

Αποθηκεύτηκε σε:
Λεπτομέρειες βιβλιογραφικής εγγραφής
Κύριος συγγραφέας: Elliot, Michele (Συγγραφέας)
Μορφή: Βιβλίο
Γλώσσα:Ισπανικά
Έκδοση: Ciudad de México Fondo de Cultura Económica 2008
Έκδοση:1a. ed
Θέματα:
Ετικέτες: Προσθήκη ετικέτας
Δεν υπάρχουν, Καταχωρήστε ετικέτα πρώτοι!

MARC

LEADER 00000cam a2200000 a 4500
001 UCH2619
003 CL-VaPUC
008 090618e20080000MX |||||||||||||||||spa|d
020 |a 9789681683146 
082 0 4 |a 371.58  |b ELL  |2 21 
100 0 |a Elliot, Michele  |e author  |9 537575 
245 1 0 |a Intimidación: Una guía práctica para combatir el miedo en las escuelas. Incluye Bullying: una mirada hispana en el contexto europeo 
250 |a 1a. ed 
300 |a 573 p 
942 |c BK 
945 |d 20090618 00:00:00  |a dcastane 
260 |a Ciudad de México  |b Fondo de Cultura Económica  |c 2008 
650 0 |a Violencia escolar  |9 453211 
650 7 |a INTIMIDACION  |2 CL-VaPUC  |9 525358 
650 0 |a Derechos humanos  |9 223025 
583 |a last modification  |c 20170518 03:34:47  |k Rodrigo Vera 
999 |c 334342  |d 334340 
952 |0 0  |1 0  |4 0  |6 371_580000000000000_ELL_2008  |7 0  |8 A  |9 423316  |a BIBEDU  |b BIBEDU  |d 2019-11-22  |i 4563042  |o 371.58 ELL 2008  |p 4563042  |r 2019-11-22  |w 2019-11-22  |y BK  |k PSI 
952 |0 0  |1 0  |3 erb  |4 0  |6 371_580000000000000_ELL_2008  |7 0  |8 A  |9 423317  |a BIBEDU  |b BIBEDU  |i 5376785  |o 371.58 ELL 2008  |p 5376785  |r 2019-11-22  |w 2019-11-22  |y BK  |z Catalogado en:20170519  |k EBA